000 00216nam a22000857a 4500
008 160718b xxu||||| |||| 00| 0 eng d
100 _93038
_aSingh G
245 _aGeneral Knowledge-8
260 _aNew Delhi
_bHoly Faith
_c2007
999 _c2601
_d2601